000 00495nam a2200169 i 4500
001 100579
003 ES-MaACL
005 20230906182712.0
007 t|
008 050929s1973 sp ||||1| spa d
100 1 _aMassuti, Miguel.
_978865
245 1 3 _aLa pesca industrial mallorquina /
_cMiguel Massuti.
260 _aPalma de Mallorca :
_bCort,
_c1973.
300 _a158 p. con 25 lám. :
_bil. ;
_c22 cm.
650 4 _aPesca-
_zMallorca.
_9142586
852 _aES-MaACL
_jC-56083
_bR.88787
999 _c100579
_d100579